La sal de la tierra. Cristianismo e Iglesia Católica ante el nuevo milenio. Una conversación con Peter Seewald.
محفوظ في:
| المؤلف الرئيسي: | |
|---|---|
| مؤلفون آخرون: | , |
| التنسيق: | كتاب |
| اللغة: | الإنجليزية |
| منشور في: |
Madrid, España:
Ediciones Palabra,
2018.
|
| الطبعة: | Duodécima edición. |
| سلاسل: | Colección Libros Palabra,
19. |
| الموضوعات: | |
| الوسوم: |
إضافة وسم
لا توجد وسوم, كن أول من يضع وسما على هذه التسجيلة!
|
MARC
| LEADER | 00000nam a22000007a 4500 | ||
|---|---|---|---|
| 003 | CL-VaPUC | ||
| 005 | 20250103100419.0 | ||
| 008 | 220817t2018 ||||| |||| 00| 0 eng d | ||
| 999 | |c 438358 |d 438356 | ||
| 020 | |a 978-84-8239-920-1 | ||
| 040 | |c Pontificia Universidad Católica de Valparaíso | ||
| 082 | |a 282.092 RAT 2018 |2 22 | ||
| 100 | 1 | |a Ratzinger, Joseph, Cardenal |9 866205 | |
| 245 | |a La sal de la tierra. |b Cristianismo e Iglesia Católica ante el nuevo milenio. Una conversación con Peter Seewald. | ||
| 246 | |a Quién es y cómo piensa Benedicto XVI. | ||
| 250 | |a Duodécima edición. | ||
| 260 | |a Madrid, España: |b Ediciones Palabra, |c 2018. | ||
| 300 | |a 310 páginas. | ||
| 490 | |a Colección Libros Palabra, |v 19. | ||
| 500 | |a c.1 Donación Sr. Rector Nelson Vásquez Lara, julio 2022. | ||
| 583 | |c 20220215 |k Yessy Sthefany Diaz Vidal | ||
| 600 | 0 | |a Benedicto XVI, Papa, |d 1927-2022 |q Ratzinger, Joseph |e autor |9 866206 | |
| 650 | 0 | |a Iglesia Católica |x Siglo 20 |x Papas |9 256114 | |
| 700 | |a Seewald, Peter |e autor |9 591503 | ||
| 700 | |a Arregui Núñez, Carla |e traducción |9 866207 | ||
| 942 | |2 ddc |c BK | ||
| 952 | |0 0 |1 0 |2 ddc |4 0 |6 282_092000000000000_RAT_2018 |7 0 |8 A |9 586275 |a BIBHIS |b BIBHIS |c GEN |d 2022-08-17 |e Donación |i 5654147 |o 282.092 RAT 2018 |p 5654147 |r 2025-01-20 |t 1 |w 2022-08-17 |y BK |k HIS | ||